Polscy Skoczkowie z Miejscami na Podium Konkursów PŚ - Statystyki

Ogólne statystyki
  • Ten quiz został rozwiązany 1 425 razy
    667 od ostatniego zresetowania
  • Średni wynik to 8 z 12
Statystyki odpowiedzi
Zawodnik % Poprawnych
Kamil Stoch
100%
Adam Małysz
99%
Piotr Żyła
99%
Dawid Kubacki
97%
Maciej Kot
84%
Jan Ziobro
58%
Andrzej Stękała
55%
Krzysztof Biegun
50%
Piotr Fijas
45%
Tadeusz Fijas
42%
Stanisław Bobak
28%
Janusz Malik
7%
Nie znaleziono quizów pasujących do podanych kryteriów
Rozkład punktacji
Procent ludzi z każdym wynikiem
Percentyl według liczby udzielonych odpowiedzi
Twoja historia wyników
Nie rozwiązałeś tego quizu od ostatniego zresetowania